000 00230nam a2200097Ia 4500
008 240625s9999 xx 000 0 und d
041 _aeng
100 _aPC QUEST
245 _aPC QUEST 12 TOOLS TO SECURE YOUR MOBILE
260 _c2010
999 _c34620
_d34620